Were These Movie Characters Real? Quiz Stats

 Plays Quiz Updated Sep 10, 2015

Support Sporcle.
Go Orange.
Score 0/20 Timer 05:00
88 Plays Today
% Correct
Mark Zuckerberg (The Social Network)
92.5%
King George VI (The King's Speech)
91.7%
Captain Richard Phillips (Captain Phillips)
90.6%
Howard Hughes (The Aviator)
88.4%
Oskar Schindler (Schindler's List)
86.9%
Frank Abagnale Jr. (Catch Me If You Can)
87%
Harvey Milk (Milk)
86.2%
Larry Flynt (The People vs. Larry Flynt)
82.8%
Jim Garrison (JFK)
77.8%
Alfred Kinsey (Kinsey)
73.3%
% Correct
Solomon Northup (12 Years a Slave)
70.6%
James J. Braddock (Cinderella Man)
70%
Władysław Szpilman (The Pianist)
67.1%
Ron Woodroof (Dallas Buyers Club)
66%
Frank Lucas (American Gangster)
62.2%
Micky Ward (The Fighter)
58.1%
Charlie Parker (Bird)
58.1%
Ron Kovic (Born on the Fourth of July)
57%
David Helfgott (Shine)
46%
Anthony Swofford (Jarhead)
41.8%

You're not logged in!

Compare scores with friends on all Sporcle quizzes.
OR
Log In

From the Vault

Do They Bite or Sting?

by JackDots

We'd prefer to choose neither.
Remove Ads.
Support Sporcle.
Get the best of Sporcle when you Go Orange. This ad-free experience offers more features, more stats, and more fun while also helping to support Sporcle. Thank you for becoming a member.

Show Comments

Extras

Top Quizzes Today


Score Distribution

Your Account Isn't Verified!

In order to create a playlist on Sporcle, you need to verify the email address you used during registration. Go to your Sporcle Settings to finish the process.

Report this User

Report this user for behavior that violates our Community Guidelines.

Details: